000 00765nam a22002417a 4500
003 UA-OsUOA
001 57910
007 ta
008 20090116b un ||||| |||| 00| 0 ukr d
100 _aПаісчник А.
700 _aСохацький А.
700 _aМальков В.
090 _a32
_bП12
942 _cSA
040 _aUA-OsUOA
_bukr
_cUA-OsUOA
_dUA-OsUOA
245 _aПроблеми вдосконалення системи державного експортного контолю з урахуванням економічної безпеки України
300 _aС.33-44
955 _a0
041 _aukr
080 _a32
773 0 _w57907
_tУкраїна - НАТО
_dК.
_d2008
_g3
650 7 _a32 Політика
_2UDC
999 _c343994
_d343994